Music Quiz

Random Music or Clickable Quiz

Fiddler on the Roof: Matchmaker Quiz Stats

 Plays Quiz not verified by Sporcle

Score 0/42 Timer 10:00
0 Plays Today
% Correct
Catch me a catch
94%
a perfect match
89.8%
Catch me a catch
87.5%
Make me a match,
86.8%
If he were as handsome as anything.
86.4%
Make him rich as a king.
85.7%
Make me a match,
85.3%
Make him a scholar.
84.2%
The envy of all I see.
82.6%
He'll beat you every night,
82.3%
Alright, he's 62
81.1%
Look through your book,
80.8%
So you're alright.
80%
in the dark I'm alone
79.6%
Right.
79.6%
a good catch,
79.2%
That is from side to side.
79.2%
It's just that I'm terrified!
79.2%
True.
78.5%
Have I made a match for you!
77.7%
a good catch,
77.7%
% Correct
A girl can get burned
77.7%
Don't ask me what.
77.4%
That I could get stuck for good.
77.4%
You were also a bride.
77.4%
Of my own.
77%
And even if you're not,
77%
no money
76.6%
Be glad you got a man!
76.2%
matchless match.
75.8%
Please, take your time.
74.7%
Won't you be a lucky bride!
73.2%
Well I'll find the best I can.
72.1%
Slender and pale.
71.7%
Catch me no catch
70.9%
See that he's gentle
70.6%
I'll bring the veil,
65.3%
(speaking)
64.2%
Maybe I've learned
63%
Groom me no groom
61.9%
You know that I'm
56.6%
Plan me no plans
45.3%

You're not logged in!

Compare scores with friends on all Sporcle quizzes.
OR
Log In

Sporcle TV

Today on Sporcle TV


Watch our educational content, quiz creation guides, and fun videos on Sporcle TV.

Show Comments

Extras

Created Dec 8, 2014ReportNominate
Tags:Clickable Quiz, fiddler, follow, roof

Top Quizzes Today


Score Distribution

Your Account Isn't Verified!

In order to create a playlist on Sporcle, you need to verify the email address you used during registration. Go to your Sporcle Settings to finish the process.

Report this User

Report this user for behavior that violates our Community Guidelines.

Details: